000 00218nam a2200097Ia 4500
008 220204s9999 xx 000 0 und d
082 _a82-3
_bIRV
100 _aIrving, John
245 0 _aHotel new Hampshire
942 _cBK
999 _c37752
_d37752